12 B Songs - Statistics

General Stats
  • This quiz has been taken 10 times
  • The average score is 6 of 12
Answer Stats
Hint Answer % Correct
Back In Black AC/DC
100%
Beat It Michael Jackson
100%
Boulevard Of Broken Dreams Green Day
78%
Brown Eyed Girl Van Morrison
78%
Black Dog Led Zeppelin
56%
Butterfly Kisses Bob Carlisle
33%
Born To Be My Baby Bon Jovi
33%
Blow Ke$ha
33%
Better Days Goo Goo Dolls
11%
Burnin' Up Jonas Brothers
11%
Breakeven The Script
11%
Bring Em Out T.I.
11%
No matching quizzes found
Score Distribution
Percent of People with Each Score
Percentile by Number Answered
Your Score History
You have not taken this quiz